000 01554cam a22004574i 4500
003 PE-LiUPU
005 20250731172941.0
008 150623s r 000 0 d
020 _a0880708689
035 _a(Sirsi) i9780880708685
040 _aPE-LiUPU
_bspa
_cPE-LiUPU
_erda
049 _aPRUA
082 0 4 _a222.11
_bS17
_221
100 1 _aSailhamer, John H.,
_eautor.
245 1 0 _aGenesis unbound :
_ba provocative new look at the creation account /
_cJohn H. Sailhamer.
264 1 _aOregon :
_bMultnomah Books,
_c1996.
300 _a257 páginas :
_bilustraciones, gráficos ;
_c23 centímetros
336 _atext
_2rdacontent
337 _aunmediated
_2rdamedia
338 _avolume
_2rdacarrier
504 _aIncluye bibliografía.
505 0 _aGenesis in controversy. -Genesis reconsidered. -Genesis Unbound. -The roots of the problem.
526 _aSEG42
526 _aSEG41
526 _aSEG40
526 _aSEG39
526 _aP94
526 _aP87
526 _aP86
526 _aP85
526 _aP77
526 _aP76
526 _aP35
630 _aBiblia.
_pA.T.
_PG énesis
_xComentarios.
942 _2ddc
_cBOOK
949 _a222.11 S17
_wDEWEY
_c1
_i44616
_lCCODEBUL1
_mBUL
_r0
_sY
_tBOOK
_u2015-6-24
_xTEOLOGIA
_PP35
_0COMPRA
_o.STAFF. Colección General
994 _aC0
_bPEPRU
596 _a1
999 _a222.11 S17
_wDEWEY
_c21472
_i44616
_f2021-11-9
_g5
_lCCODEBUL1
_mBUL
_r0
_sY
_tBOOK
_u2015-6-24
_xTEOLOGIA
_PP35
_0COMPRA
_o.STAFF. Colección General
_d21472
980 _81
_gALBERTO SANCHEZ Responsable de Automatización